A reply to Professors Maasoumi and Phillips (Registro nro. 26313)

Detalles MARC
000 -LEADER
fixed length control field 00334 a2200109 4500
001 - CONTROL NUMBER
control field ART_12384
005 - DATE AND TIME OF LATEST TRANSACTION
control field 20260410161905.0
008 - FIXED-LENGTH DATA ELEMENTS--GENERAL INFORMATION
fixed length control field 260409a
100 1# - MAIN ENTRY--PERSONAL NAME
Personal name Hendry, David F.
245 10 - TITLE STATEMENT
Title A reply to Professors Maasoumi and Phillips
773 0# - HOST ITEM ENTRY
Title Journal of econometrics
Related parts - Vol. 19, Nº 2/3 (ago. 1982)
Record control number REV11720

No hay ítems disponibles.